| 000 | 01146nam a2200265 a 4500 | ||
|---|---|---|---|
| 001 | 000028882 | ||
| 003 | DO-SdBNP | ||
| 005 | 20250621074008.0 | ||
| 008 | 110412s2006 dr ac 000 0dspa d | ||
| 040 |
_aDO-SdBNP _bsap _cBNPHU |
||
| 049 | _aBNPD | ||
| 082 | _aF-RD 101 | ||
| 100 |
_aBisonó Haza, Víctor O., _d1963- _955852 |
||
| 245 | 1 | 0 |
_aJoaquín Balaguer y su incidencia en la historia dominicana / _cVíctor O. Bisonó Haza. |
| 260 |
_aSanto Domingo : _bFundación Joaquín Balaguer, _c2006. |
||
| 300 |
_a33 p. : _bil., retrs. ; _c22 cm. |
||
| 500 | _aConferencia dictada por el Lic. Víctor O. Bisonó Haza el día 8 de junio de 2006, Universidad Católica Santo Domingo. | ||
| 500 | _aCiclo de conferencias organizado por la Fundación Joaquín Balaguer con motivo del primer centenario del natalicio del doctor Joaquín Balaguer. | ||
| 600 | 1 | 0 |
_a Balaguer, Joaquín, _d1906-2002 _976556 |
| 651 | 1 | 4 |
_aRepública Dominicana _xHistoria _ySiglo XX _99490 |
| 651 | 1 | 0 |
_aRepública Dominicana _xPolítica y gobierno _945 |
| 710 | 2 | 2 |
_aFundación Joaquín Balaguer _9436 |
| 910 | _aValidado. Control de calidad EMS | ||
| 942 |
_2ddc _cLF1 |
||
| 999 |
_c28374 _d28374 |
||